• 首页
  • 本馆介绍
  • 公告通知
  • 最新文献
  • 馆藏检索
  • 电子资源
  • 读者导购
  • 参考咨询
  • 我的图书馆
  • 登录
  • 详细信息显示
  • 放入我的书架
  • 预约/预借图书
  • 作者相关作品
  • 分类相关作品
  • 丛书相关作品
  • 出版社相关作品

书目信息

  • 表格格式
  • 工作单格式
  • 卡片格式
题名:
变化的洋流
    
 
作者: 格兰茨 著 ;王绍武 译
分册:  
出版信息: 北京   气象出版社  1998
页数: 234页
开本: 20cm
丛书名:
单 册:
中图分类: P732-49
科图分类:
主题词: "厄尼诺"现象--研究 , 海洋学--基础理论
电子资源:
ISBN: 7-5029-2589-9
000 00865nam0 2200241 45
001 0105091510
005 20031219104049.5
010    @a7-5029-2589-9@dCNY16.00
100    @a20010509d1998 km y0chiy0120 ea
101 0  @achi
105    @a z 000yy
200 1  @a变化的洋流@ABian Hua De Yang Liu@e厄尔尼诺对气候和社会的影响@EE Er Ni Nuo Dui Qi Hou He She Hui De Ying Xiang@f(美)格兰茨(M.H.Glantz)著@F(Mei)Ge Lan Ci(M.H.Glantz)Zhu@g王绍武等译
210    @a北京@c气象出版社@d1998
215    @a234页@d20cm
517    @a厄尔尼诺对气候和社会的影响@AE Er Ni Nuo Dui Qi Hou He She Hui De Ying Xiang
605    @a"厄尼诺"现象@x影响
606 0  @a"厄尼诺"现象@x研究
606 0  @a海洋学@x基础理论
690    @aP732-49@v4
701  0 @a格兰茨@bM.H.Glantz@4著
702  0 @a王绍武@AWang Shao Wu@4译
801    @aCN@bTSTC@c20010509
905    @f1@b296738@dP732-49@e30
    
    变化的洋流:厄尔尼诺对气候和社会的影响/(美)格兰茨(M.H.Glantz)著/王绍武等译.-北京:气象出版社,1998
    234页;20cm
    
    
    ISBN 7-5029-2589-9:CNY16.00
    
●
相关链接 在E读中查询图书 在五车中查询图书 在当当中查询图书 在豆瓣中查询图书


正题名:变化的洋流     索取号:P732-49/30         预约/预借

序号 登录号 条形码 馆藏地/架位号 状态 备注
1 0296738   002967383   第二样本阅览室/ [索取号:P732-49/30] 在馆    
唐山师范学院图书馆 欢迎您!
大连网信软件有限公司© 版权所有